000 00516nam a22001937a 4500
003 OSt
005 20140310184505.0
008 131012t xxu||||| |||| 00| 0 eng d
020 _a9780439519137
050 _aT 48
_b.B496 2006
100 _aBerger, Melvin
_94942
245 _aThink factory :
_cMelvin Berger.
_bamazing inventions /
260 _aNew York :
_bScholastic,
_c2006.
300 _a47 p. :
_bcol. ill. ;
_c26 cm.
521 _aG6
526 _c880
942 _2lcc
_cBK-SCHOLAS
999 _c34835
_d34835